| 000 | 00575nam a2200229Ia 4500 | ||
|---|---|---|---|
| 003 | OSt | ||
| 005 | 20221005124058.0 | ||
| 006 | a|||||r|||| 00| 0 | ||
| 007 | ta | ||
| 008 | 221004b |||||||| |||| 00| 0 kan d | ||
| 024 | _a62062 | ||
| 037 | _cTextual | ||
| 040 |
_aCRL _cCRL _bkan |
||
| 041 |
_2kan _akan |
||
| 082 | _aV2:51xM69w, 33J1 | ||
| 100 |
_aGhandi Manubehan Au. _9634663 |
||
| 245 | 0 | _aMata Gandhi | |
| 260 | _c1951 | ||
| 650 | _aHISTORY | ||
| 942 |
_hV2:51xM69w, 33J1 _cTEXL _2cc |
||
| 999 |
_c1049389 _d1049389 |
||